000 01339nam a2200361 c 4500
999 _c45828
_d45828
003 BLK
005 20240321112435.0
008 180408b bul|||||r ||||||| ||bul||
010 _aKNG00049627000
020 _a954-701-166-9
040 _aBLK
041 _aBUL
_cBUL
080 _aАмериканска литература (на САЩ)
_b821.111(73)
_x-312.4
_z821.111(73)-312.4
100 1 _aМилс, Кайл
_eпърви автор
_9270089
139 _aМилс, Кайл
_bМ 61
245 1 0 _aИгра на Господ
_bРоман
_cКайл Милс; прев. Димитър Добрев.
257 _aUSA
260 _bКомпас
_c2005
_fВ. Търново : Абагар
300 _a447 с.
_c20 см
380 _aX
490 _aБиблиотека Светът на трилъра
_9201878
500 _aОриг. загл. Storming Heaven / Kyle Mills. - Офс. изд.
653 _aтрилъри
653 _aромани
700 _aДимитров, Димитър Добрев
_d1961 -
_gПреводач от английски език.
_9322262
852 _aЦб 223471
856 4 _qpdf
_i0.00
_ldisable
856 4 _qpdf
_i0.00
_ldisable
942 _cKNG
_n0
_s1
944 _aCR
_c22.04.2005
_k30560
_lГеновева Генчева
944 _aED
_c17.10.2006
999 _d45828